| 000 | 00467nam a2200181Ia 4500 | ||
|---|---|---|---|
| 005 | 20260429112214.0 | ||
| 008 | 260429s9999||||xx |||||||||||||| ||und|| | ||
| 020 | _a9789384568122 | ||
| 041 | _aEnglish | ||
| 082 |
_a572.8 _bKUM |
||
| 100 | _aKumari, Veena | ||
| 245 | 0 |
_aApplied genetics / _cVeena Kumari |
|
| 260 |
_aJaipur : _bAgrotech Press, _c2025. |
||
| 300 | _aviii, 250 p.; hb | ||
| 650 | _a Biochemical genetics | ||
| 650 | _aBiochemistry | ||
| 942 | _cTB | ||
| 999 |
_c52889 _d52889 |
||